Circuitos Electricos / Josep E. Edminister (Registro nro. 20265)
[ vista simple ]
| 000 -LÍDER | |
|---|---|
| fixed length control field | 00433nam a2200157 4500 |
| 008 - ELEMENTOS DE LONGITUD FIJA -- INFORMACIÓN GENERAL | |
| fixed length control field | 0 1993 0an 000 0Mex |
| 020 ## - NÚMERO INTERNACIONAL NORMALIZADO PARA LIBROS | |
| ISBN | 970-10-0292-X |
| 050 ## - SIGNATURA TOPOGRAFICA DE LA BIBLIOTECA DEL CONGRESO (LC) | |
| Número de Clasificación | TK454 E3518 |
| 082 ## - NUMERO DE CLASIFICACION DECIMAL DEWEY | |
| Número de Clasificación | 621.3192 E526c |
| 100 ## - ASIENTO PRINCIPAL--NOMBRE PERSONAL | |
| Nombre personal | Edminister Joseph E. |
| 245 ## - TÍTULO | |
| Título | Circuitos Electricos / Josep E. Edminister |
| 250 ## - MENCIÓN DE EDICIÓN | |
| Mención de edición | reimp 1993 |
| 260 ## - PUBLICACIÓN, DISTRIBUCIÓN, ETC. (PIE DE IMPRENTA) | |
| Lugar de publicación, distribución, etc. | Mexico: McGraw Hill |
| 300 ## - DESCRIPCIÓN FÍSICA | |
| Extensión | VII, 305p, 24cm |
| 650 ## - ASIENTO SECUNDARIO DE MATERIA - TERMINO TEMÁTICO | |
| Término temático o nombre geográfico como elemento de entrada | 1.CIRCUITOS ELECTRICOS |
| No. biblioteca | No. biblioteca | Número de clasificación | Código de barras/Número de adquisición | Número de copia | Tipo de material |
|---|---|---|---|---|---|
| LUIS G. INCLAN | LUIS G. INCLAN | 621.3192 E526c | 29315 | 22 | Libros |
| LUIS G. INCLAN | LUIS G. INCLAN | 621.3192 E526c | 29317 | 24 | Libros |
| LUIS G. INCLAN | LUIS G. INCLAN | 621.3192 E526c | 29318 | 25 | Libros |
